<?xml version="1.0" encoding="UTF-8"?>
<record
    xmlns:xsi="http://www.w3.org/2001/XMLSchema-instance"
    xsi:schemaLocation="http://www.loc.gov/MARC21/slim http://www.loc.gov/standards/marcxml/schema/MARC21slim.xsd"
    xmlns="http://www.loc.gov/MARC21/slim">

  <leader>     nam a22     7a 4500</leader>
  <datafield tag="999" ind1=" " ind2=" ">
    <subfield code="c">336729</subfield>
    <subfield code="d">336729</subfield>
  </datafield>
  <controlfield tag="003">IT-MiCISF</controlfield>
  <controlfield tag="005">20170619160402.0</controlfield>
  <controlfield tag="008">170619b        xxu||||| |||| 00| 0 eng d</controlfield>
  <datafield tag="040" ind1=" " ind2=" ">
    <subfield code="c">IT-MiCISF</subfield>
  </datafield>
  <datafield tag="041" ind1=" " ind2=" ">
    <subfield code="a">it</subfield>
  </datafield>
  <datafield tag="100" ind1=" " ind2=" ">
    <subfield code="a">Gordon Thomas</subfield>
    <subfield code="9">56526</subfield>
  </datafield>
  <datafield tag="245" ind1=" " ind2=" ">
    <subfield code="a">N&#xE9; con le buone n&#xE9; con le cattive</subfield>
    <subfield code="b">Bambini e disciplina</subfield>
  </datafield>
  <datafield tag="260" ind1=" " ind2=" ">
    <subfield code="a">Molfetta (BA)</subfield>
    <subfield code="b">La Meridiana</subfield>
    <subfield code="c">2001</subfield>
  </datafield>
  <datafield tag="300" ind1=" " ind2=" ">
    <subfield code="a">pp. 181</subfield>
  </datafield>
  <datafield tag="500" ind1=" " ind2=" ">
    <subfield code="a">educazione-familiarel, educazione-genitori, problemi-educazione, scuola, indirizzi</subfield>
  </datafield>
  <datafield tag="520" ind1=" " ind2=" ">
    <subfield code="a">Le cronache, purtroppo diffuse, di comportamenti distruttivi e violenti nei giovani si traduce regolarmente nella richiesta di un inasprimento delle regole e delle sanzioni. Eppure non &#xE8; difficile dimostrare che l'imposizione della disciplina, col vecchio criterio fondato sulla punizione, spesso &#xE8; causa piuttosto che rimedio di questi comportamenti indesiderati. Non &#xE8; affatto casuale, infatti, che tutte le strategie solitamente impiegate per fronteggiare questi problemi si accaniscano sui ragazzi, ignorando che la radice del problema &#xE8; nei modelli educativi interpretati dagli adulti. E i modelli di riferimento pi&#xF9; diffusi tra gli adulti o si ispirano all'imposizione autoritaria oppure all'indifferenza lassista. In questo libro l&#x2019;autore descrive con slancio una diversa concezione, meno dispotica, di gestire il rapporto con i giovani. Apprendere efficaci alternative slegate dal potere significa far crescere il senso di auto-disciplina e di auto-controllo dei bambini e ricercare nei conflitti soluzioni cooperative e senza perdenti.</subfield>
  </datafield>
  <datafield tag="650" ind1=" " ind2=" ">
    <subfield code="a">educazione</subfield>
    <subfield code="9">56062</subfield>
  </datafield>
  <datafield tag="654" ind1=" " ind2=" ">
    <subfield code="a">saggio</subfield>
  </datafield>
  <datafield tag="942" ind1=" " ind2=" ">
    <subfield code="2">ddc</subfield>
    <subfield code="c">BK</subfield>
  </datafield>
  <datafield tag="952" ind1=" " ind2=" ">
    <subfield code="0">0</subfield>
    <subfield code="1">0</subfield>
    <subfield code="2">ddc</subfield>
    <subfield code="4">0</subfield>
    <subfield code="6">B_7368_000000000000000</subfield>
    <subfield code="7">1</subfield>
    <subfield code="a">CISF</subfield>
    <subfield code="b">CISF</subfield>
    <subfield code="d">2017-06-19</subfield>
    <subfield code="l">0</subfield>
    <subfield code="o">b7368</subfield>
    <subfield code="p">9788887507508</subfield>
    <subfield code="r">2017-06-19 00:00:00</subfield>
    <subfield code="w">2017-06-19</subfield>
    <subfield code="y">BK</subfield>
  </datafield>
</record>
